Progress in flavour research
Saved in:
| Main Authors: | , |
|---|---|
| Format: | Bog |
| Sprog: | engelsk |
| Udgivet: |
Londres
Applied Science
1979
|
| Fag: | |
| Tags: |
Tilføj Tag
Ingen Tags, Vær først til at tagge denne postø!
|
MARC
| LEADER | 00000nam a2200000 a 4500 | ||
|---|---|---|---|
| 001 | UCR6747 | ||
| 003 | CL-VaPUC | ||
| 008 | 980423e19790000UK |||||||||||||||||eng|d | ||
| 082 | 0 | 4 | |a 664.07 |b LAN |2 21 |
| 100 | 0 | |a Land, D. G |e author |9 407796 | |
| 700 | 0 | |a Nursten, H. E |e author |9 407797 | |
| 245 | 1 | 0 | |a Progress in flavour research |
| 300 | |a 371 p | ||
| 942 | |c BK | ||
| 945 | |d 19980423 00:00:00 |a crobeson | ||
| 260 | |a Londres |b Applied Science |c 1979 | ||
| 650 | 0 | |a Alimentos |9 256203 | |
| 650 | 7 | |a SABORIZANTES |2 CL-VaPUC |9 407798 | |
| 650 | 7 | |a TECNOLOGIA DE ALIMENTOS |2 CL-VaPUC |9 407799 | |
| 650 | 0 | |a Congresos |9 257560 | |
| 583 | |a last modification |c 19980423 00:00:00 |k Rodrigo Vera | ||
| 999 | |c 268661 |d 268659 | ||
| 952 | |0 0 |1 0 |4 0 |6 664_070000000000000_LAN_1979 |7 0 |8 A |9 301891 |a BIBALI |b BIBALI |c GEN |d 2019-11-20 |i 1988190 |o 664.07 LAN 1979 |p 1988190 |r 2025-01-20 |w 2019-11-20 |y BK |k ALI | ||